8-Letter Movies Slideshow II Quiz Stats

 Plays Quiz Updated Aug 8, 2019

Score 0/24 Timer 06:00
3 Plays Today
% Correct
Twilight
96.6%
Peter Pan
93.8%
Space Jam
84.7%
Anaconda
81.4%
Liar Liar
80.3%
Zootopia
79.1%
John Wick
76.4%
Coraline
67%
Big Daddy
66.5%
True Grit
65.8%
War Horse
59.4%
Valkyrie
57.4%
% Correct
Maverick
49.7%
Watchmen
48.7%
Swingers
42.3%
Rounders
40%
Baby Mama
36.4%
Oblivion
36%
Blockers
35.8%
Rushmore
35.6%
EuroTrip
33.5%
Insomnia
29.7%
Downfall
20.8%
Mudbound
6.2%

You're not logged in!

Compare scores with friends on all Sporcle quizzes.
OR
Log In

Sporcle TV

Today on Sporcle TV


Watch our educational content, quiz creation guides, and fun videos on Sporcle TV.

Show Comments

Extras

Top Quizzes Today


Score Distribution

Your Account Isn't Verified!

In order to create a playlist on Sporcle, you need to verify the email address you used during registration. Go to your Sporcle Settings to finish the process.

Report this User

Report this user for behavior that violates our Community Guidelines.

Details: